Estudio hidrotécnico del puente de las pilas, Ciudad Darío, departamento de Matagalpa
El trabajo monográfico que se presenta a continuación tiene como título Estudio hidrotécnico del puente de las pilas, ciudad Darío, departamento de Matagalpa. La elección de este tema surge de la necesidad que existe en los pobladores de la comunidad Las Pilas de la construcción de un puente...
| Main Authors: | , |
|---|---|
| Other Authors: | |
| Format: | Tesis Section = Libro |
| Language: | Undetermined Spanish |
| Published: |
Managua
UNI
2013
|
| Subjects: |
| LEADER | 01294nam a2200265Ia 4500 | ||
|---|---|---|---|
| 008 | 240830s9999 xx 000 0 und d | ||
| 040 | |a BIBLIOTECA-RUPAP Mon 624.2 N322 | ||
| 041 | |a spa | ||
| 082 | |a Mon 624.2 N322 | ||
| 100 | 1 | |a Navarro Hernández, Gloria María | |
| 100 | 1 | |b Mayorga Manzanarez, Mariling | |
| 245 | 1 | 0 | |a Estudio hidrotécnico del puente de las pilas, Ciudad Darío, departamento de Matagalpa |
| 260 | |a Managua |b UNI |c 2013 | ||
| 300 | |a 135 p. :il. | ||
| 500 | |a Contiene: anexos y planos en formato A1. | ||
| 502 | |a Tesis (Ingeniero Civil)- UNI, 2013. | ||
| 520 | 3 | |a El trabajo monográfico que se presenta a continuación tiene como título Estudio hidrotécnico del puente de las pilas, ciudad Darío, departamento de Matagalpa. La elección de este tema surge de la necesidad que existe en los pobladores de la comunidad Las Pilas de la construcción de un puente que le permita tener acceso a la vía principal en época de invierno para poder sacar sus cosechas y que no estén aislados en esta época. | |
| 650 | 7 | |a PUENTES | |
| 650 | 7 | |b ESTUDIO HIDROLOGICO | |
| 650 | 7 | |c DISEÑO HIDRAULICO | |
| 650 | 7 | |d PUENTES-DISEÑO Y CONSTRUCCION | |
| 700 | 1 | |a Tutor: |b Baltodano Maldonado, José Ángel | |
| 942 | |c BK |2 ddc | ||
| 991 | |a TESIS | ||
| 999 | |c 15929 | ||